De nietzsche à Husserl (notice n° 1648629)

détails MARC
000 -LEADER
fixed length control field 02354cam a2200169 4500500
005 - DATE AND TIME OF LATEST TRANSACTION
control field 20260208003721.0
041 ## - LANGUAGE CODE
Language code of text/sound track or separate title fre
042 ## - AUTHENTICATION CODE
Authentication code dc
100 10 - MAIN ENTRY--PERSONAL NAME
Personal name Vioulac, Jean
Relator term author
245 00 - TITLE STATEMENT
Title De nietzsche à Husserl
260 ## - PUBLICATION, DISTRIBUTION, ETC.
Date of publication, distribution, etc. 2005.<br/>
500 ## - GENERAL NOTE
General note 12
520 ## - SUMMARY, ETC.
Summary, etc. En dépit des différences de forme et de style, la phénoménologie de Husserl et la philosophie dionysiaque de Nietzsche relèvent d’un même projet fondamental. À l’époque de l’accomplissement de la téléologie occidentale, Nietzsche et Husserl portent en effet le même constat de faillite sur la rationalité européenne et engagent un même travail généalogique qui identifie l’origine de cette catastrophe dans le manquement inaugural de la vie par la fondation grecque de la rationalité. Le projet philosophique consiste alors tout entier en une refondation du sens sur son origine perdue, et prend la forme d’une ontologie de la vie. L’inachèvement de l’œuvre chez l’un et chez l’autre doit cependant remettre en question cette voie. Mais il faut alors constater que Nietzsche lui-même renonce à l’élaboration d’une ontologie et, en s’émancipant de la norme même du savoir, donne comme tâche à la pensée de l’avenir celle d’une incarnation de la vérité.
520 ## - SUMMARY, ETC.
Summary, etc. In spite of the differences in form and style, Husserl’s phenomenology and Nietzsche’s Dionysiac philosophy stem from a similar fundamental project. Indeed, at the time of the fulfillment of Western teleology, Nietzsche and Husserl both acknowledge the failure of European rationality and start some similar genealogical work which traces the origin of the catastrophe to the responsibility of the Greek foundation of rationality for missing life originally. Their philosophical project consists in restoring meaning from its lost origin, and it takes the form of an ontology of life. As the work of both philosophers was left unfinished, such a direction should then be questioned. However, Nietzsche himself gives up elaborating an ontology and, departing from the ideal of knowledge, he gives future philosophy a new task : incarnating truth.
786 0# - DATA SOURCE ENTRY
Note Les Études philosophiques | 73 | 2 | 2005-06-01 | p. 203-227 | 0014-2166
856 41 - ELECTRONIC LOCATION AND ACCESS
Uniform Resource Identifier <a href="https://shs.cairn.info/revue-les-etudes-philosophiques-2005-2-page-203?lang=fr&redirect-ssocas=7080">https://shs.cairn.info/revue-les-etudes-philosophiques-2005-2-page-203?lang=fr&redirect-ssocas=7080</a>

Pas d'exemplaire disponible.

PLUDOC

PLUDOC est la plateforme unique et centralisée de gestion des bibliothèques physiques et numériques de Guinée administré par le CEDUST. Elle est la plus grande base de données de ressources documentaires pour les Étudiants, Enseignants chercheurs et Chercheurs de Guinée.

Adresse

627 919 101/664 919 101

25 boulevard du commerce
Kaloum, Conakry, Guinée

Réseaux sociaux

Powered by Netsen Group @ 2025